Một số vấn đề về người cao tuổi yếu thế ở nước ta /
Guardado en:
| Autor principal: | |
|---|---|
| Formato: | Artículo |
| Lenguaje: | Vietnamese |
| Materias: | |
| Etiquetas: |
Agregar Etiqueta
Sin Etiquetas, Sea el primero en etiquetar este registro!
|
| Thư viện lưu trữ: | Thư viện Trường Đại học Đà Lạt |
|---|
| LEADER | 00857nam a2200325 4500 | ||
|---|---|---|---|
| 001 | DLU090103424 | ||
| 040 | # | # | |a DLU |b vie |
| 041 | # | # | |a vie |
| 044 | # | # | |a vn |
| 100 | # | # | |a Nguyễn Kim Liên |
| 245 | # | # | |a Một số vấn đề về người cao tuổi yếu thế ở nước ta / |c Nguyễn Kim Liên |
| 651 | # | # | |a Việt Nam |
| 653 | # | # | |a Chính sách xã hội |
| 653 | # | # | |a Người cao tuổi |
| 773 | # | # | |t Xã hội học |g Số 1, 1999, tr 76 - 81 |
| 920 | # | # | |a Phòng Tạp chí -- Trung tâm Thông tin - Thư viện Trường Đại học Đà Lạt |
| 933 | # | # | |a CP |
| 933 | # | # | |a DL |
| 933 | # | # | |a NV |
| 933 | # | # | |a QT |
| 933 | # | # | |a XH |
| 994 | # | # | |a DLU |
| 900 | # | # | |a True |
| 911 | # | # | |a Trần Văn Thống Nhất |
| 925 | # | # | |a G |
| 926 | # | # | |a A |
| 927 | # | # | |a BB |
| 980 | # | # | |a Thư viện Trường Đại học Đà Lạt |